| 000 | 00416nam a22001577a 4500 | ||
|---|---|---|---|
| 003 | NUST | ||
| 005 | 20260413153851.0 | ||
| 008 | 260413b ||||| |||| 00| 0 eng d | ||
| 020 | _a1-861526407 | ||
| 082 |
_a338.4791 _bPAS |
||
| 100 |
_aPage J.Stephen. _9134084 |
||
| 245 |
_aTourism: A Modern Synthesis / _cPage J.Stephen. |
||
| 260 |
_bThomson Learning, _c2001. |
||
| 300 |
_a475 p ; _c36.2 cm |
||
| 942 |
_2ddc _cBK |
||
| 999 |
_c617015 _d617015 |
||